Αντιλήψεις και συμπεριφορές πολιτών για την αντιμετώπιση πλημμυρικών φαινομένων
Αποθηκεύτηκε σε:
| Κύριος συγγραφέας: | |
|---|---|
| Συγγραφή απο Οργανισμό/Αρχή: | |
| Άλλοι συγγραφείς: | , |
| Μορφή: | Thesis Βιβλίο |
| Γλώσσα: | Greek |
| Δημοσίευση: |
2011
|
| Θέματα: | |
| Διαθέσιμο Online: | http://hdl.handle.net/11610/15389 |
| Ετικέτες: |
Προσθήκη ετικέτας
Δεν υπάρχουν, Καταχωρήστε ετικέτα πρώτοι!
|
MARC
| LEADER | 00000cam a2200000 i 4500 | ||
|---|---|---|---|
| 001 | 1/19060 | ||
| 008 | 120427s2011 gre d | ||
| 035 | |l 10112294 | ||
| 040 | |a GR-MY-UA |b gre |e aacr | ||
| 041 | 0 | |a gre | |
| 082 | 0 | |a 363.7 |2 (22) | |
| 100 | 1 | |a Μέλλιου, Ανδρονίκη. | |
| 245 | 1 | 0 | |a Αντιλήψεις και συμπεριφορές πολιτών για την αντιμετώπιση πλημμυρικών φαινομένων / |c Μέλλιου Αφροδίτη ; υπεύθυνος καθηγητής: Παναγιώτης Δημητρακόπουλος, συνεπιβλέπουσα: Τζόουνς Νικολέτα |
| 260 | |c 2011 | ||
| 300 | |a 66 σ.; |b σχ.; |c 30 εκ. | ||
| 500 | |a Βιβλιογραφία: σ. 56-61 | ||
| 502 | |a Διατριβή (μεταπτυχιακή) – Πανεπιστήμιο Αιγαίου, Λέσβος, 2011. | ||
| 650 | 0 | 0 | |a Environmental protection |x Citizen participation. |
| 650 | 0 | 0 | |a Environmental protection |x Public opinion. |
| 650 | 0 | 0 | |a Environmental management |z Greece. |
| 650 | 0 | 0 | |a Flood damage. |
| 650 | 0 | 0 | |a Climatic changes |x Environmental aspects. |
| 650 | 0 | 0 | |a Dissertations, Academic |z Greece. |
| 700 | 1 | |a Τζόουνς, Νικολέτα. |4 ths | |
| 700 | 1 | |4 ths |a Δημητρακόπουλος, Παναγιώτης Γ. | |
| 710 | 2 | |a Πανεπιστήμιο Αιγαίου |b Σχολή Περιβάλλοντος |b Τμήμα Περιβάλλοντος |b Πρόγραμμα Μεταπτυχιακών Σπουδών Γεωργία και Περιβάλλον. | |
| 852 | |a INST |b LESVOS |c DIATR |e 20120427 |h 407 |p 005100050437 |q 005100050437 |t MTXE |y 23 | ||
| 852 | |a INST |b LESVOS |c DIATR |e 20120427 |h 408 |p 005100050436 |q 005100050436 |t MTXE |y 23 | ||
| 856 | |u http://hdl.handle.net/11610/15389 | ||
| 901 | |a BIBL1-2012-1 | ||
| 909 | |a Λ |b 174849 | ||
| 909 | |a Λ |b 174848 | ||
| 924 | |a ΜΕΛΛΙΟΥ |b ΑΝΔΡΟΝΙΚΗ |y ΛΕΣΒΟΣ |z 2011-11 | ||
| 970 | |a ΤΖΑΦΕΡΗ |b ΕΥΑΓΓΕΛΙΑ |z 2012/04/27 | ||